=LDR 00000nam 2200000 4500 =001 INLIS000000000040188 =005 20130612145750 =008 ***********************************ind** =035 ##$$0010-061300000040188 =041 ##$$a ind =082 ##$$a 370.15 =100 ##$$a Ariesandi S =245 ##$$a rahasia mendidik anak agar sukses dan bahagia =260 ##$$a gramedia $b jakarta =300 ##$$a 295 hlm =850 ##$$a NBPNMAT =990 ##$$a 0001/BPAP-NTB/20142015